000 00314 a2200133 4500
005 20250629094444.0
020 _a0-8273-4848-7
082 _a658.8 HUS
100 _aHUSTED, S. W.
245 _aMarketing Fundamentals
300 _axvii,567p.; ill.; picture
_bIndex
_c25cm
700 _aVARBLE, D.
942 _2ddc
_cBKS
999 _c6238
_d6238